000 00698nam a22001937a 4500
005 20260209144649.0
008 260209b |||||||| |||| 00| 0 eng d
020 _a9789355738813
040 _cVITAP
082 _223rd Ed.
_a658.1141 ALL
100 _aAllen, Kathleen R.
_917029
245 _aLaunching New Ventures
_b: An Entrepreneurial Approach
_c/ Kathleen R. Allen
250 _a8th Ed.
260 _aNew Delhi
_bCengage Learning India Pvt. Ltd.
_c2023
300 _axix, 380p. : ill. ; 28cm
500 _aIt includes Index Pages.
650 0 _aEntrepreneurship; New business enterprises; Small business - Management; Business planning; Innovation management
_917030
942 _2ddc
_cBK
999 _c47251
_d47251